Statistics for Name an Official Language A-Z

Click here to take the quiz!

General Stats

  • This quiz has been taken 68,718 times
  • The average score is 16 of 23

Answer Stats

HintAnswer% Correct
FFrench, Finnish, Farsi...
97%
EEnglish, Estonian,
95%
AArabic, Albanian, Armenian...
92%
GGerman, Greek, Georgian...
92%
SSpanish, Swedish, Serbian...
91%
DDutch, Danish, Dari...
89%
CCroatian, Czech, Catalan...
85%
PPortuguese, Polish, Pashto...
84%
HHungarian, Hindi, Hebrew...
83%
IItalian, Indonesian, Irish...
83%
RRussian, Romanian, Romansh
80%
MMandarin, Malay, Mongolian...
79%
TTurkish, Thai, Tajik...
73%
JJapanese
72%
BBulgarian, Bengali, Bosnian...
71%
LLatvian, Lithuanian, Lao...
65%
KKorean, Khmer, Kazakh...
64%
UUkrainian, Uzbek, Urdu...
63%
NNorwegian, Nepali, Nauruan...
51%
ZZulu
47%
VVietnamese, Venda
46%
XXhosa
26%
QQuechua
16%

Score Distribution

Percentile by Number Answered

Percent of People with Each Score

Your Score History

You have not taken this quiz